000 00337 a2200109 4500
245 _amystery of Edwin Drood
_hprint
700 _aDickens, Charles
650 _aliterature
005 20191017172417.0
260 _anyu
_bJ. W. Lovell company
_c[1883]
084 _aPZ3.D55 E13
300 _a1 p.l., 603-833 p. 19 cm.
_b1 p.l., 603-833 p. 19 cm.
_c1 p.l., 603-833 p. 19 cm.
999 _c8853
_d8853